Statistiques concernant Football - Anciens joueurs de l'Atletico Madrid (moins de 60 matchs)

Cliquez ici pour prendre le quiz!

Statistiques générales

  • Ce quiz a été pris 100 fois
  • Le résultat moyen est 6 sur 9

Statistiques - réponses

Nationalité - Dernier clubSaisonsPosteRéponse% Correct
Espagne - Manchester City2018 - 2019MilieuRodri
89%
Italie - PSG (retraité)2007 - 2008MilieuThiago Motta
89%
France - Al-Ettifaq2020 - 2021AttaquantMoussa Dembélé
82%
Mexique - Fulham2014 - 2015AttaquantRaúl Jiménez
76%
France - Mayence2013 - 2014MilieuJosuha Guilavogui
69%
Portugal - Olympiakos2018 - 2019AttaquantGelson Martins
67%
Espagne - Vissel Kobe (retraité)2013 - 2014AttaquantDavid Villa
61%
Belgique - Royal Antwerp2013 - 2014DéfenseurToby Alderweireld
57%
Danemark - Brøndby IF2021 - 2022MilieuDaniel Wass
39%

Distribution des résultats

Percentile par nombre de réponses

% des personnes avec chaque résultat

Votre développement - résultats

Vous n’avez pas pris ce quiz